000 01920nam0a2200361 4500
001 RU\NLR\bibl\1680386
005 20241119203750.0
020 _aRU
_b00-8453
_9Летопись авторефератов диссертаций
021 _aRU
_b2010-8812а
_9353аа
035 _a(NLR Aleph) 001671595
090 _a1044932
_c1044932
100 _a20100412d2010 u u0rusy50 ca
101 0 _arus
102 _aRU
105 _ay dm |||||
200 1 _aЭколого-гигиеническое обоснование показателей оценки безопасности эксплуатации полигонов твердых бытовых отходов
_e(на примере Волгоградской области)
_eавтореферат диссертации на соискание ученой степени кандидата биологических наук
_eспециальность 14.02.01 <Гигиена>
_fБобунова Гаянэ Анастасовна
_g[Волгогр. гос. мед. ун-т]
210 _aМосква
_d2010
215 _a21 с.
_d21
320 _aБиблиогр.: с. 21 (5 назв.)
327 0 _aМесто защиты: НИИ экологии человека и гигиены окружающей среды им. А. Н. Сысина РАМН
610 0 _aВолгоградская обл., биол. науки
675 _a502/504
_v3
_zrus
686 _a87
_2rugasnti
686 _a20.1
_2rubbk
686 _a14.00.07
_2oksvnk
700 1 _aБобунова
_bГ. А.
_gГаянэ Анастасовна
_4070
801 0 _aRU
_bRKP
_c20100412
_gPSBO
801 1 _aRU
_bRKP
_c20100412
801 2 _aRU
_bNLR
_c20100930
_grcr
901 _eАвторефераты
942 _cBOOK
981 1 0 _a(10) Авторефераты